Presvedčovacia reklama - spotrebiteľské postupy spracovania informácií

Vymedzenie dvoch ciest spracovania informácií z presvedčovacej reklamy, a to hlavnej a periférnej. Príspevok chce poskytnúť obraz o spotrebiteľskej ELM pri realizovaných nákupoch, poukázať na vzťah presvedčovania s procesom nákupného rozhodovania spotrebiteľov. Doplnkom je ilustrácia podnetov apliko...

Descrizione completa

Salvato in:
Dettagli Bibliografici
Autore principale: Richterová, Kornélia
Altri autori: Labská, Helena
Natura: Capitolo di libro
Lingua:slovacco
Soggetti:
Tags: Aggiungi Tag
Nessun Tag, puoi essere il primo ad aggiungerne!!

MARC

LEADER 00000naa$a2200000$$$4500
001 0136687
005 20240502083329.3
041 0 |a slo 
044 |a CZ 
245 1 0 |a Presvedčovacia reklama - spotrebiteľské postupy spracovania informácií  |c Kornélia Richterová, Helena Labská 
520 |a Vymedzenie dvoch ciest spracovania informácií z presvedčovacej reklamy, a to hlavnej a periférnej. Príspevok chce poskytnúť obraz o spotrebiteľskej ELM pri realizovaných nákupoch, poukázať na vzťah presvedčovania s procesom nákupného rozhodovania spotrebiteľov. Doplnkom je ilustrácia podnetov aplikovateľných pre teóriu a prax modernej komunikácie. 
610 2 0 |a komunikácia marketingová 
610 2 0 |a reklama 
610 2 0 |a propagácia 
610 2 0 |a spotrebitelia 
610 2 0 |a zákazníci 
100 1 |a Richterová, Kornélia 
700 1 |a Labská, Helena